000 00585nam a2200229Ia 4500
003 OSt
005 20221007081801.0
006 a|||||r|||| 00| 0
007 ta
008 221006b |||||||| |||| 00| 0 eng d
024 _a24,667
037 _cTextual
040 _aFLL
_cFLL
_beng
041 _2eng
_aeng
082 _aZ3:21, J8
100 _aLawson F. H.
_991523
245 0 _aLaw of property
260 _aOxford
_bThe Clarendon Press London
_c1958
300 _axii,200p
_ccm.
942 _hZ3:21, J8
_cTEXL
_2CC
999 _c1164248
_d1164248